WJC 2019 Standings - Statistics

General Stats
  • This quiz has been taken 52 times
  • The average score is 9 of 10
Answer Stats
Position Team/Country GP W OTW OTL L Pts % Correct
4 Canada 4 3 0 0 1 9
100%
5 Finland 4 2 0 0 2 6
100%
2 Sweden 4 3 1 0 0 11
100%
3 United States 4 3 0 1 0 10
100%
6 Czech Republic 4 1 1 0 2 5
93%
8 Slovakia 4 1 0 0 3 3
93%
1 Russia 4 4 0 0 0 12
91%
7 Switzerland 4 1 0 1 2 4
84%
10 Denmark 4 0 0 0 4 0
67%
9 Kazakhstan 4 0 0 0 4 0
51%
No matching quizzes found
Score Distribution
Percent of People with Each Score
Percentile by Number Answered
Your Score History
You have not taken this quiz